東証プライム上場企業 - Statistics

General Stats
  • This quiz has been taken 132 times
  • The average score is 53 of 1643
Answer Stats
業種 Answer % Correct
輸送用機器 トヨタ自動車
64%
卸売業 伊藤忠商事
53%
情報・通信業 ソフトバンク
53%
輸送用機器 日産自動車
53%
陸運業 東日本旅客鉄道
53%
小売業 あさひ
51%
陸運業 西日本旅客鉄道
51%
陸運業 東海旅客鉄道
51%
卸売業 三菱商事
47%
その他製品 任天堂
44%
小売業 イオン
44%
陸運業 東急
44%
陸運業 九州旅客鉄道
44%
小売業 フジ
42%
卸売業 丸紅
40%
化学 旭化成
40%
空運業 日本航空
40%
輸送用機器 マツダ
40%
陸運業 東武鉄道
40%
建設業 大林組
38%
輸送用機器 スズキ
38%
陸運業 京成電鉄
38%
情報・通信業 KDDI
38%
電気機器 日立製作所
36%
輸送用機器 本田技研工業
33%
陸運業 小田急電鉄
33%
卸売業 三井物産
31%
電気機器 三菱電機
31%
機械 三菱重工業
29%
建設業 清水建設
29%
食料品 味の素
29%
鉄鋼 日本製鉄
29%
電気機器 富士通
29%
電気機器 キヤノン
29%
不動産業 三井不動産
29%
不動産業 三菱地所
29%
輸送用機器 豊田自動織機
29%
サービス業 オリエンタルランド
27%
その他製品 ヤマハ
27%
医薬品 アステラス製薬
27%
卸売業 豊田通商
27%
建設業 大成建設
27%
電気・ガス業 中部電力
27%
電気・ガス業 関西電力
27%
電気機器 キーエンス
27%
輸送用機器 デンソー
27%
陸運業 東京地下鉄
27%
ガラス・土石製品 AGC
27%
ガラス・土石製品 TOTO
27%
卸売業 住友商事
24%
海運業 日本郵船
24%
建設業 積水ハウス
24%
電気機器 パナソニックホールディングス
24%
電気機器 京セラ
24%
輸送用機器 川崎重工業
24%
パルプ・紙 日本製紙
22%
医薬品 武田薬品工業
22%
医薬品 第一三共
22%
化学 信越化学工業
22%
海運業 商船三井
22%
銀行業 三井住友フィナンシャルグループ
22%
小売業 ファーストリテイリング
22%
食料品 日本ハム
22%
電気機器 シャープ
22%
輸送用機器 日野自動車
22%
陸運業 京浜急行電鉄
22%
陸運業 西日本鉄道
22%
陸運業 阪急阪神ホールディングス
22%
陸運業 福山通運
22%
ゴム製品 ブリヂストン
20%
パルプ・紙 大王製紙
20%
卸売業 双日
20%
化学 小林製薬
20%
機械 クボタ
20%
銀行業 みずほフィナンシャルグループ
20%
建設業 鹿島建設
20%
情報・通信業 日本電信電話
20%
電気・ガス業 東北電力
20%
電気・ガス業 四国電力
20%
電気・ガス業 九州電力
20%
電気機器 日本電気
20%
電気機器 ソニーグループ
20%
電気機器 村田製作所
20%
不動産業 住友不動産
20%
輸送用機器 いすゞ自動車
20%
陸運業 京王電鉄
20%
ゴム製品 横浜ゴム
18%
サービス業 日本郵政
18%
その他金融業 オリックス
18%
卸売業 高島
18%
化学 三井化学
18%
小売業 ゼンショーホールディングス
18%
小売業 高島屋
18%
食料品 キリンホールディングス
18%
電気・ガス業 中国電力
18%
電気・ガス業 北陸電力
18%
電気機器 東京エレクトロン
18%
輸送用機器 ヤマハ発動機
18%
陸運業 西武ホールディングス
18%
医薬品 中外製薬
16%
化学 住友化学
16%
化学 花王
16%
化学 資生堂
16%
建設業 奥村組
16%
小売業 三越伊勢丹ホールディングス
16%
小売業 セブン&アイ・ホールディングス
16%
小売業 しまむら
16%
食料品 キッコーマン
16%
食料品 日清食品ホールディングス
16%
食料品 日本たばこ産業
16%
精密機器 オリンパス
16%
石油・石炭製品 出光興産
16%
電気・ガス業 北海道電力
16%
非鉄金属 住友金属鉱山
16%
陸運業 名古屋鉄道
16%
陸運業 ヤマトホールディングス
16%
ガラス・土石製品 日本特殊陶業
13%
その他製品 大日本印刷
13%
その他製品 三菱鉛筆
13%
化学 クラレ
13%
機械 ダイキン工業
13%
小売業 すかいらーくホールディングス
13%
小売業 ニトリホールディングス
13%
情報・通信業 ソフトバンクグループ
13%
食料品 森永製菓
13%
食料品 明治ホールディングス
13%
食料品 雪印メグミルク
13%
食料品 東洋水産
13%
水産・農林業 マルハニチロ
13%
精密機器 ニコン
13%
繊維製品 東レ
13%
鉄鋼 神戸製鋼所
13%
電気機器 セイコーエプソン
13%
電気機器 ファナック
13%
陸運業 京阪ホールディングス
13%
金属製品 LIXIL
13%
輸送用機器 SUBARU
13%
ガラス・土石製品 太平洋セメント
11%
サービス業 楽天グループ
11%
サービス業 セコム
11%
パルプ・紙 王子ホールディングス
11%
医薬品 塩野義製薬
11%
化学 三菱ケミカルグループ
11%
化学 積水化学工業
11%
化学 日東電工
11%
海運業 川崎汽船
11%
機械 小松製作所
11%
建設業 長谷工コーポレーション
11%
建設業 戸田建設
11%
証券、商品先物取引業 野村ホールディングス
11%
情報・通信業 東宝
11%
食料品 江崎グリコ
11%
精密機器 島津製作所
11%
鉄鋼 大同特殊鋼
11%
電気・ガス業 東京電力ホールディングス
11%
電気・ガス業 東京瓦斯
11%
電気機器 ニデック
11%
電気機器 オムロン
11%
電気機器 鈴木
11%
非鉄金属 住友電気工業
11%
不動産業 東京建物
11%
輸送用機器 アイシン
11%
空運業 ANAホールディングス
11%
石油・石炭製品 ENEOSホールディングス
11%
機械 IHI
11%
銀行業 三菱UFJフィナンシャル・グループ
11%
ガラス・土石製品 日本板硝子
9%
ガラス・土石製品 日本碍子
9%
サービス業 リクルートホールディングス
9%
その他製品 バンダイナムコホールディングス
9%
その他製品 タカラトミー
9%
パルプ・紙 三菱製紙
9%
医薬品 ロート製薬
9%
医薬品 小野薬品工業
9%
化学 東ソー
9%
化学 カネカ
9%
化学 ライオン
9%
化学 ユニ・チャーム
9%
銀行業 ゆうちょ銀行
9%
銀行業 スルガ銀行
9%
建設業 熊谷組
9%
建設業 住友林業
9%
建設業 高砂熱学工業
9%
小売業 ヤオコー
9%
食料品 森永乳業
9%
食料品 伊藤園
9%
食料品 カゴメ
9%
水産・農林業 ニッスイ
9%
電気・ガス業 沖縄電力
9%
電気・ガス業 大阪瓦斯
9%
非鉄金属 三井金属鉱業
9%
非鉄金属 三菱マテリアル
9%
非鉄金属 フジクラ
9%
輸送用機器 三菱自動車工業
9%
陸運業 南海電気鉄道
9%
鉄鋼 JFEホールディングス
9%
機械 NTN
9%
機械 SMC
9%
サービス業 サイバーエージェント
7%
その他製品 ローランド
7%
その他製品 コクヨ
7%
医薬品 大塚ホールディングス
7%
卸売業 兼松
7%
卸売業 伊藤忠エネクス
7%
化学 三菱瓦斯化学
7%
化学 ダイセル
7%
化学 関西ペイント
7%
化学 アース製薬
7%
機械 セガサミーホールディングス
7%
機械 マキタ
7%
機械 日立造船
7%
機械 スター精密
7%
銀行業 りそなホールディングス
7%
銀行業 八十二銀行
7%
建設業 大和ハウス工業
7%
建設業 九電工
7%
小売業 ビックカメラ
7%
小売業 コスモス薬品
7%
小売業 良品計画
7%
小売業 松屋
7%
小売業 ヤマダホールディングス
7%
証券、商品先物取引業 松井証券
7%
情報・通信業 オービック
7%
食料品 山崎製パン
7%
食料品 亀田製菓
7%
食料品 サッポロホールディングス
7%
繊維製品 ユニチカ
7%
倉庫・運輸関連業 三菱倉庫
7%
鉄鋼 愛知製鋼
7%
鉄鋼 三菱製鋼
7%
電気機器 富士電機
7%
電気機器 安川電機
7%
電気機器 アドバンテスト
7%
電気機器 カシオ計算機
7%
電気機器 ローム
7%
非鉄金属 アサヒホールディングス
7%
不動産業 イオンモール
7%
保険業 東京海上ホールディングス
7%
輸送用機器 豊田合成
7%
陸運業 相鉄ホールディングス
7%
陸運業 近鉄グループホールディングス
7%
陸運業 神奈川中央交通
7%
化学 ADEKA
7%
機械 DMG森精機
7%
鉱業 INPEX
7%
ゴム製品 TOYO TIRE
7%
化学 UBE
7%
ガラス・土石製品 ノリタケ
4%
サービス業 パソナグループ
4%
サービス業 綜合警備保障
4%
サービス業 電通グループ
4%
サービス業 ダスキン
4%
その他製品 アシックス
4%
その他製品 オカムラ
4%
その他製品 美津濃
4%
パルプ・紙 レンゴー
4%
医薬品 協和キリン
4%
医薬品 日本新薬
4%
医薬品 エーザイ
4%
卸売業 伊藤忠食品
4%
卸売業 あらた
4%
卸売業 阪和興業
4%
卸売業 岩谷産業
4%
卸売業 三愛オブリ
4%
化学 日産化学
4%
化学 トクヤマ
4%
化学 東亞合成
4%
化学 デンカ
4%
化学 エア・ウォーター
4%
化学 保土谷化学工業
4%
化学 日本触媒
4%
化学 積水樹脂
4%
化学 積水化成品工業
4%
化学 日本ペイントホールディングス
4%
化学 富士フイルムホールディングス
4%
化学 高砂香料工業
4%
化学 エステー
4%
機械 日本製鋼所
4%
機械 牧野フライス製作所
4%
機械 ディスコ
4%
機械 ナブテスコ
4%
機械 日立建機
4%
機械 三菱化工機
4%
機械 荏原製作所
4%
機械 ダイフク
4%
機械 フジテック
4%
金属製品 リンナイ
4%
銀行業 山陰合同銀行
4%
銀行業 北洋銀行
4%
建設業 タマホーム
4%
建設業 安藤・間
4%
建設業 東急建設
4%
建設業 五洋建設
4%
建設業 関電工
4%
建設業 ダイダン
4%
小売業 エディオン
4%
小売業 ジョイフル本田
4%
小売業 ツルハホールディングス
4%
小売業 サイゼリヤ
4%
小売業 ロイヤルホールディングス
4%
小売業 オークワ
4%
小売業 コメリ
4%
小売業 エイチ・ツー・オー リテイリング
4%
小売業 丸井グループ
4%
小売業 吉野家ホールディングス
4%
小売業 ベルク
4%
情報・通信業 コーエーテクモホールディングス
4%
情報・通信業 メルカリ
4%
情報・通信業 ゼンリン
4%
情報・通信業 東映
4%
情報・通信業 カプコン
4%
食料品 丸大食品
4%
食料品 キーコーヒー
4%
食料品 キユーピー
4%
水産・農林業 サカタのタネ
4%
精密機器 シチズン時計
4%
繊維製品 東洋紡
4%
繊維製品 セーレン
4%
繊維製品 三陽商会
4%
鉄鋼 大平洋金属
4%
電気機器 コニカミノルタ
4%
電気機器 ブラザー工業
4%
電気機器 ミネベアミツミ
4%
電気機器 明電舎
4%
電気機器 日東工業
4%
電気機器 ルネサスエレクトロニクス
4%
電気機器 ホーチキ
4%
電気機器 レーザーテック
4%
電気機器 浜松ホトニクス
4%
電気機器 リコー
4%
不動産業 大東建託
4%
保険業 第一生命ホールディングス
4%
輸送用機器 トヨタ紡織
4%
輸送用機器 日本車輌製造
4%
陸運業 山陽電気鉄道
4%
化学 DIC
4%
その他金融業 三菱HCキャピタル
4%
情報・通信業 KADOKAWA
4%
情報・通信業 LINEヤフー
4%
証券、商品先物取引業 SBIホールディングス
4%
金属製品 SUMCO
4%
電気機器 TDK
4%
その他製品 TOPPANホールディングス
4%
ガラス・土石製品 日東紡績
2%
ガラス・土石製品 東海カーボン
2%
ガラス・土石製品 日本カーボン
2%
ガラス・土石製品 ニチアス
2%
ガラス・土石製品 ニチハ
2%
ゴム製品 住友ゴム工業
2%
ゴム製品 フコク
2%
ゴム製品 住友理工
2%
サービス業 コシダカホールディングス
2%
サービス業 エムスリー
2%
サービス業 テイクアンドギヴ・ニーズ
2%
サービス業 イオンファンタジー
2%
サービス業 リソー教育
2%
サービス業 早稲田アカデミー
2%
サービス業 ベイカレント
2%
サービス業 ナガワ
2%
サービス業 トランス・コスモス
2%
サービス業 トーカイ
2%
その他製品 フルヤ金属
2%
その他製品 フジシールインターナショナル
2%
その他製品 共同印刷
2%
その他製品 小松ウオール工業
2%
その他製品 河合楽器製作所
2%
その他製品 クリナップ
2%
その他製品 リンテック
2%
その他製品 イトーキ
2%
その他製品 タカラスタンダード
2%
その他製品 グローブライド
2%
パルプ・紙 特種東海製紙
2%
パルプ・紙 北越コーポレーション
2%
パルプ・紙 中越パルプ工業
2%
パルプ・紙 トーモク
2%
医薬品 住友ファーマ
2%
医薬品 久光製薬
2%
医薬品 持田製薬
2%
医薬品 ツムラ
2%
医薬品 鳥居薬品
2%
医薬品 東和薬品
2%
医薬品 ゼリア新薬工業
2%
卸売業 エレマテック
2%
卸売業 東京エレクトロン デバイス
2%
卸売業 神戸物産
2%
卸売業 明治電機工業
2%
卸売業 第一興商
2%
卸売業 メディパルホールディングス
2%
卸売業 ドウシシャ
2%
卸売業 丸文
2%
卸売業 長瀬産業
2%
卸売業 日本紙パルプ商事
2%
卸売業 カメイ
2%
卸売業 山善
2%
卸売業 ユアサ商事
2%
卸売業 稲畑産業
2%
卸売業 明和産業
2%
卸売業 サンゲツ
2%
卸売業 シナネンホールディングス
2%
卸売業 モスフードサービス
2%
卸売業 加賀電子
2%
卸売業 ソーダニッカ
2%
卸売業 泉州電業
2%
卸売業 トラスコ中山
2%
卸売業 イエローハット
2%
卸売業 因幡電機産業
2%
卸売業 スズケン
2%
化学 北の達人コーポレーション
2%
化学 住友精化
2%
化学 日本曹達
2%
化学 セントラル硝子
2%
化学 関東電化工業
2%
化学 日本カーバイド工業
2%
化学 日本酸素ホールディングス
2%
化学 東邦アセチレン
2%
化学 高圧ガス工業
2%
化学 大日精化工業
2%
化学 住友ベークライト
2%
化学 日本ゼオン
2%
化学 アイカ工業
2%
化学 日本化薬
2%
化学 大日本塗料
2%
化学 サカタインクス
2%
化学 コーセー
2%
化学 コタ
2%
化学 新日本製薬
2%
化学 コニシ
2%
化学 長谷川香料
2%
化学 クミアイ化学工業
2%
化学 日本農薬
2%
化学 エフピコ
2%
化学 信越ポリマー
2%
化学 ニフコ
2%
海運業 飯野海運
2%
機械 三浦工業
2%
機械 アマダ
2%
機械 日東工器
2%
機械 井関農機
2%
機械 トーヨーカネツ
2%
機械 栗田工業
2%
機械 アネスト岩田
2%
機械 サムコ
2%
機械 平和
2%
機械 フクシマガリレイ
2%
機械 アマノ
2%
機械 ジャノメ
2%
機械 マックス
2%
機械 グローリー
2%
機械 ホシザキ
2%
機械 ジェイテクト
2%
機械 不二越
2%
金属製品 ホッカンホールディングス
2%
金属製品 文化シヤッター
2%
金属製品 東プレ
2%
金属製品 日本発條
2%
銀行業 富山第一銀行
2%
銀行業 三井住友トラスト・ホールディングス
2%
銀行業 千葉銀行
2%
銀行業 ふくおかフィナンシャルグループ
2%
銀行業 福井銀行
2%
銀行業 ほくほくフィナンシャルグループ
2%
銀行業 百十四銀行
2%
銀行業 四国銀行
2%
銀行業 阿波銀行
2%
銀行業 琉球銀行
2%
銀行業 愛媛銀行
2%
銀行業 京葉銀行
2%
建設業 コムシスホールディングス
2%
建設業 東建コーポレーション
2%
建設業 鉄建建設
2%
建設業 西松建設
2%
建設業 三井住友建設
2%
建設業 日本ハウスホールディングス
2%
建設業 世紀東急工業
2%
建設業 中電工
2%
建設業 住友電設
2%
建設業 新日本空調
2%
建設業 日揮ホールディングス
2%
鉱業 日鉄鉱業
2%
鉱業 石油資源開発
2%
小売業 ハードオフコーポレーション
2%
小売業 アスクル
2%
小売業 ゲオホールディングス
2%
小売業 くら寿司
2%
小売業 大黒天物産
2%
小売業 マツキヨココカラ&カンパニー
2%
小売業 ウエルシアホールディングス
2%
小売業 トリドールホールディングス
2%
小売業 ノジマ
2%
小売業 アルビス
2%
小売業 コジマ
2%
小売業 コーナン商事
2%
小売業 ワタミ
2%
小売業 ハイデイ日高
2%
小売業 コロワイド
2%
小売業 スギホールディングス
2%
小売業 ライフコーポレーション
2%
小売業 リンガーハット
2%
小売業 青山商事
2%
小売業 アクシアル リテイリング
2%
小売業 イズミ
2%
小売業 平和堂
2%
小売業 ケーズホールディングス
2%
小売業 グルメ杵屋
2%
小売業 ミニストップ
2%
小売業 アークス
2%
小売業 バローホールディングス
2%
小売業 ベルーナ
2%
情報・通信業 システナ
2%
情報・通信業 三菱総合研究所
2%
情報・通信業 コロプラ
2%
情報・通信業 さくらインターネット
2%
情報・通信業 野村総合研究所
2%
情報・通信業 ジャストシステム
2%
情報・通信業 大塚商会
2%
情報・通信業 ネットワンシステムズ
2%
情報・通信業 コネクシオ
2%
情報・通信業 日本通信
2%
情報・通信業 松竹
2%
情報・通信業 富士ソフト
2%
情報・通信業 福井コンピュータホールディングス
2%
食料品 ニップン
2%
食料品 昭和産業
2%
食料品 井村屋グループ
2%
食料品 不二家
2%
食料品 寿スピリッツ
2%
食料品 カルビー
2%
食料品 プリマハム
2%
食料品 宝ホールディングス
2%
食料品 日清オイリオグループ
2%
食料品 不二製油グループ本社
2%
食料品 ハウス食品グループ本社
2%
食料品 ニチレイ
2%
食料品 なとり
2%
食料品 理研ビタミン
2%
水産・農林業 ホクト
2%
精密機器 テルモ
2%
精密機器 タムロン
2%
精密機器 セイコーグループ
2%
石油・石炭製品 ニチレキ
2%
石油・石炭製品 富士石油
2%
石油・石炭製品 コスモエネルギーホールディングス
2%
繊維製品 グンゼ
2%
繊維製品 日本毛織
2%
繊維製品 帝人
2%
繊維製品 オンワードホールディングス
2%
倉庫・運輸関連業 日新
2%
倉庫・運輸関連業 住友倉庫
2%
倉庫・運輸関連業 澁澤倉庫
2%
倉庫・運輸関連業 安田倉庫
2%
鉄鋼 中山製鋼所
2%
鉄鋼 東京製鐵
2%
鉄鋼 共英製鋼
2%
鉄鋼 大和工業
2%
鉄鋼 山陽特殊製鋼
2%
電気・ガス業 電源開発
2%
電気・ガス業 東邦瓦斯
2%
電気・ガス業 西部ガスホールディングス
2%
電気・ガス業 静岡ガス
2%
電気機器 日清紡ホールディングス
2%
電気機器 イビデン
2%
電気機器 山洋電気
2%
電気機器 デンヨー
2%
電気機器 東芝テック
2%
電気機器 マブチモーター
2%
電気機器 東光高岳
2%
電気機器 ダイヘン
2%
電気機器 サンケン電気
2%
電気機器 ジャパンディスプレイ
2%
電気機器 京三製作所
2%
電気機器 エレコム
2%
電気機器 富士通ゼネラル
2%
電気機器 タムラ製作所
2%
電気機器 アルプスアルパイン
2%
電気機器 日本航空電子工業
2%
電気機器 マクセル
2%
電気機器 アイコム
2%
電気機器 横河電機
2%
電気機器 堀場製作所
2%
電気機器 シスメックス
2%
電気機器 古河電池
2%
電気機器 図研
2%
電気機器 三井ハイテック
2%
電気機器 小糸製作所
2%
非鉄金属 日本軽金属ホールディングス
2%
非鉄金属 東邦亜鉛
2%
非鉄金属 リョービ
2%
不動産業 日本駐車場開発
2%
不動産業 東急不動産ホールディングス
2%
不動産業 グッドコムアセット
2%
不動産業 平和不動産
2%
不動産業 フジ住宅
2%
不動産業 日本エスコン
2%
保険業 かんぽ生命保険
2%
輸送用機器 トピー工業
2%
輸送用機器 大同メタル工業
2%
輸送用機器 シマノ
2%
陸運業 神戸電鉄
2%
陸運業 センコーグループホールディングス
2%
小売業 AOKIホールディングス
2%
化学 artience
2%
小売業 DCMホールディングス
2%
情報・通信業 DTS
2%
サービス業 博報堂DYホールディングス
2%
精密機器 HOYA
2%
電気機器 IDEC
2%
小売業 J.フロント リテイリング
2%
情報・通信業 JBCCホールディングス
2%
機械 JUKI
2%
電気機器 JVCケンウッド
2%
保険業 MS&ADインシュアランスグループホールディングス
2%
情報・通信業 NSD
2%
卸売業 PALTAC
2%
情報・通信業 SCSK
2%
陸運業 SGホールディングス
2%
その他製品 SHOEI
2%
保険業 SOMPOホールディングス
2%
情報・通信業 TBSホールディングス
2%
情報・通信業 TIS
2%
小売業 ZOZO
2%
ガラス・土石製品 日本電気硝子
0%
ガラス・土石製品 住友大阪セメント
0%
ガラス・土石製品 日本ヒューム
0%
ガラス・土石製品 日本コンクリート工業
0%
ガラス・土石製品 アジアパイルホールディングス
0%
ガラス・土石製品 東洋炭素
0%
ガラス・土石製品 品川リフラクトリーズ
0%
ガラス・土石製品 黒崎播磨
0%
ガラス・土石製品 ヨータイ
0%
ガラス・土石製品 フジミインコーポレーテッド
0%
ゴム製品 藤倉コンポジット
0%
ゴム製品 オカモト
0%
ゴム製品 ニッタ
0%
ゴム製品 三ツ星ベルト
0%
ゴム製品 バンドー化学
0%
サービス業 ジェイエイシーリクルートメント
0%
サービス業 メンバーズ
0%
サービス業 アイティメディア
0%
サービス業 ケアネット
0%
サービス業 オープンアップグループ
0%
サービス業 アルトナー
0%
サービス業 リンクアンドモチベーション
0%
サービス業 エス・エム・エス
0%
サービス業 パーソルホールディングス
0%
サービス業 アイ・ケイ・ケイホールディングス
0%
サービス業 学情
0%
サービス業 スタジオアリス
0%
サービス業 カカクコム
0%
サービス業 アイロムグループ
0%
サービス業 セントケア・ホールディング
0%
サービス業 ルネサンス
0%
サービス業 ディップ
0%
サービス業 デジタルホールディングス
0%
サービス業 新日本科学
0%
サービス業 キャリアデザインセンター
0%
サービス業 ワールドホールディングス
0%
サービス業 ディー・エヌ・エー
0%
サービス業 ぐるなび
0%
サービス業 タカミヤ
0%
サービス業 ファンコミュニケーションズ
0%
サービス業 ライク
0%
サービス業 エスプール
0%
サービス業 アドウェイズ
0%
サービス業 バリューコマース
0%
サービス業 インフォマート
0%
サービス業 プレステージ・インターナショナル
0%
サービス業 アミューズ
0%
サービス業 ドリームインキュベータ
0%
サービス業 クイック
0%
サービス業 ぴあ
0%
サービス業 シーティーエス
0%
サービス業 アルプス技研
0%
サービス業 日本空調サービス
0%
サービス業 明光ネットワークジャパン
0%
サービス業 ラウンドワン
0%
サービス業 リゾートトラスト
0%
サービス業 ビー・エム・エル
0%
サービス業 ユー・エス・エス
0%
サービス業 クリーク・アンド・リバー社
0%
サービス業 山田コンサルティンググループ
0%
サービス業 セントラルスポーツ
0%
サービス業 フルキャストホールディングス
0%
サービス業 エン・ジャパン
0%
サービス業 リソルホールディングス
0%
サービス業 テクノプロ・ホールディングス
0%
サービス業 アイ・アール ジャパンホールディングス
0%
サービス業 イー・ガーディアン
0%
サービス業 ジャパンマテリアル
0%
サービス業 ベクトル
0%
サービス業 チャーム・ケア・コーポレーション
0%
サービス業 キャリアリンク
0%
サービス業 アサンテ
0%
サービス業 アビスト
0%
サービス業 シグマクシス・ホールディングス
0%
サービス業 ウィルグループ
0%
サービス業 メドピア
0%
サービス業 エラン
0%
サービス業 鎌倉新書
0%
サービス業 エアトリ
0%
サービス業 アトラエ
0%
サービス業 ストライク
0%
サービス業 ソラスト
0%
サービス業 インソース
0%
サービス業 アイモバイル
0%
サービス業 ジャパンエレベーターサービスホールディングス
0%
サービス業 エル・ティー・エス
0%
サービス業 ミダックホールディングス
0%
サービス業 キュービーネットホールディングス
0%
サービス業 オープングループ
0%
サービス業 マネジメントソリューションズ
0%
サービス業 プロレド・パートナーズ
0%
サービス業 フロンティア・マネジメント
0%
サービス業 コプロ・ホールディングス
0%
サービス業 アンビスホールディングス
0%
サービス業 カーブスホールディングス
0%
サービス業 フォーラムエンジニアリング
0%
サービス業 ダイレクトマーケティングミックス
0%
サービス業 リログループ
0%
サービス業 ビーウィズ
0%
サービス業 サンウェルズ
0%
サービス業 人・夢・技術グループ
0%
サービス業 大栄環境
0%
サービス業 日本管財ホールディングス
0%
サービス業 エイチ・アイ・エス
0%
サービス業 ラックランド
0%
サービス業 共立メンテナンス
0%
サービス業 イチネンホールディングス
0%
サービス業 建設技術研究所
0%
サービス業 スペース
0%
サービス業 燦ホールディングス
0%
サービス業 タナベコンサルティンググループ
0%
サービス業 東京都競馬
0%
サービス業 カナモト
0%
サービス業 ニシオホールディングス
0%
サービス業 乃村工藝社
0%
サービス業 藤田観光
0%
サービス業 セントラル警備保障
0%
サービス業 丹青社
0%
サービス業 メイテックグループホールディングス
0%
サービス業 応用地質
0%
サービス業 船井総研ホールディングス
0%
サービス業 オオバ
0%
サービス業 学究社
0%
サービス業 イオンディライト
0%
サービス業 ナック
0%
サービス業 ダイセキ
0%
サービス業 ステップ
0%
その他金融業 全国保証
0%
その他金融業 ジェイリース
0%
その他金融業 アルヒ
0%
その他金融業 プレミアグループ
0%
その他金融業 ネットプロテクションズホールディングス
0%
その他金融業 クレディセゾン
0%
その他金融業 芙蓉総合リース
0%
その他金融業 みずほリース
0%
その他金融業 東京センチュリー
0%
その他金融業 日本証券金融
0%
その他金融業 アイフル
0%
その他金融業 リコーリース
0%
その他金融業 イオンフィナンシャルサービス
0%
その他金融業 ジャックス
0%
その他金融業 オリエントコーポレーション
0%
その他金融業 日本取引所グループ
0%
その他金融業 イー・ギャランティ
0%
その他製品 パラマウントベッドホールディングス
0%
その他製品 トランザクション
0%
その他製品 ニホンフラッシュ
0%
その他製品 前田工繊
0%
その他製品 フランスベッドホールディングス
0%
その他製品 パイロットコーポレーション
0%
その他製品 萩原工業
0%
その他製品 広済堂ホールディングス
0%
その他製品 プロネクサス
0%
その他製品 ピジョン
0%
その他製品 キングジム
0%
パルプ・紙 ザ・パック
0%
医薬品 科研製薬
0%
医薬品 参天製薬
0%
医薬品 扶桑薬品工業
0%
医薬品 キッセイ薬品工業
0%
医薬品 生化学工業
0%
医薬品 栄研化学
0%
医薬品 富士製薬工業
0%
医薬品 ネクセラファーマ
0%
医薬品 杏林製薬
0%
医薬品 大幸薬品
0%
医薬品 ダイト
0%
医薬品 ペプチドリーム
0%
医薬品 セルソース
0%
医薬品 あすか製薬ホールディングス
0%
医薬品 サワイグループホールディングス
0%
卸売業 高千穂交易
0%
卸売業 トーメンデバイス
0%
卸売業 円谷フィールズホールディングス
0%
卸売業 アルフレッサ ホールディングス
0%
卸売業 横浜冷凍
0%
卸売業 アルコニックス
0%
卸売業 あいホールディングス
0%
卸売業 ダイワボウホールディングス
0%
卸売業 マクニカホールディングス
0%
卸売業 ラクト・ジャパン
0%
卸売業 グリムス
0%
卸売業 バイタルケーエスケー・ホールディングス
0%
卸売業 八洲電機
0%
卸売業 メディアスホールディングス
0%
卸売業 レスターホールディングス
0%
卸売業 三洋貿易
0%
卸売業 ビューティガレージ
0%
卸売業 ウイン・パートナーズ
0%
卸売業 シップヘルスケアホールディングス
0%
卸売業 スターティアホールディングス
0%
卸売業 コメダホールディングス
0%
卸売業 フルサト・マルカホールディングス
0%
卸売業 ヤマエグループホールディングス
0%
卸売業 小野建
0%
卸売業 佐鳥電機
0%
卸売業 伯東
0%
卸売業 コンドーテック
0%
卸売業 ナガイレーベン
0%
卸売業 松田産業
0%
卸売業 萩原電気ホールディングス
0%
卸売業 アズワン
0%
卸売業 シモジマ
0%
卸売業 高速
0%
卸売業 たけびし
0%
卸売業 リックス
0%
卸売業 ハピネット
0%
卸売業 日本ライフライン
0%
卸売業 タカショー
0%
卸売業 進和
0%
卸売業 ダイトロン
0%
卸売業 シークス
0%
卸売業 オーハシテクニカ
0%
卸売業 白銅
0%
卸売業 蝶理
0%
卸売業 スターゼン
0%
卸売業 椿本興業
0%
卸売業 内田洋行
0%
卸売業 第一実業
0%
卸売業 キヤノンマーケティングジャパン
0%
卸売業 西華産業
0%
卸売業 佐藤商事
0%
卸売業 東京産業
0%
卸売業 神鋼商事
0%
卸売業 正栄食品工業
0%
卸売業 カナデン
0%
卸売業 菱電商事
0%
卸売業 ニチモウ
0%
卸売業 極東貿易
0%
卸売業 アステナホールディングス
0%
卸売業 ワキタ
0%
卸売業 東邦ホールディングス
0%
卸売業 サンリオ
0%
卸売業 サンワテクノス
0%
卸売業 新光商事
0%
卸売業 トーホー
0%
卸売業 三信電気
0%
卸売業 東陽テクニカ
0%
卸売業 立花エレテック
0%
卸売業 コーア商事ホールディングス
0%
卸売業 ヤマタネ
0%
卸売業 オートバックスセブン
0%
卸売業 モリト
0%
卸売業 加藤産業
0%
卸売業 日伝
0%
卸売業 杉本商事
0%
卸売業 東テク
0%
卸売業 ミスミグループ本社
0%
卸売業 ジェコス
0%
卸売業 リョーサン菱洋ホールディングス
0%
化学 レゾナック・ホールディングス
0%
化学 ラサ工業
0%
化学 クレハ
0%
化学 多木化学
0%
化学 テイカ
0%
化学 石原産業
0%
化学 大阪ソーダ
0%
化学 堺化学工業
0%
化学 第一稀元素化学工業
0%
化学 日本化学工業
0%
化学 日本パーカライジング
0%
化学 四国化成工業
0%
化学 ステラ ケミファ
0%
化学 東京応化工業
0%
化学 大阪有機化学工業
0%
化学 旭有機材
0%
化学 ニチバン
0%
化学 リケンテクノス
0%
化学 大倉工業
0%
化学 群栄化学工業
0%
化学 ダイキョーニシカワ
0%
化学 森六ホールディングス
0%
化学 恵和
0%
化学 カーリット
0%
化学 日本精化
0%
化学 扶桑化学工業
0%
化学 トリケミカル研究所
0%
化学 日油
0%
化学 ハリマ化成グループ
0%
化学 第一工業製薬
0%
化学 石原ケミカル
0%
化学 三洋化成工業
0%
化学 中国塗料
0%
化学 太陽ホールディングス
0%
化学 マンダム
0%
化学 ミルボン
0%
化学 ファンケル
0%
化学 ポーラ・オルビスホールディングス
0%
化学 ノエビアホールディングス
0%
化学 アクシージア
0%
化学 荒川化学工業
0%
化学 メック
0%
化学 日本高純度化学
0%
化学 タカラバイオ
0%
化学 デクセリアルズ
0%
化学 アキレス
0%
化学 有沢製作所
0%
化学 レック
0%
化学 三光合成
0%
化学 前澤化成工業
0%
化学 未来工業
0%
化学 天馬
0%
化学 バルカー
0%
機械 タクマ
0%
機械 ツガミ
0%
機械 オークマ
0%
機械 芝浦機械
0%
機械 アイダエンジニアリング
0%
機械 オーエスジー
0%
機械 旭ダイヤモンド工業
0%
機械 ソディック
0%
機械 日進工具
0%
機械 冨士ダイス
0%
機械 島精機製作所
0%
機械 オプトラン
0%
機械 イワキポンプ
0%
機械 フリュー
0%
機械 ヤマシンフィルタ
0%
機械 日阪製作所
0%
機械 やまびこ
0%
機械 野村マイクロ・サイエンス
0%
機械 平田機工
0%
機械 マルマエ
0%
機械 タツモ
0%
機械 三井海洋開発
0%
機械 レオン自動機
0%
機械 ホソカワミクロン
0%
機械 ユニオンツール
0%
機械 瑞光
0%
機械 オイレス工業
0%
機械 日精エー・エス・ビー機械
0%
機械 サトーホールディングス
0%
機械 技研製作所
0%
機械 日精樹脂工業
0%
機械 オカダアイヨン
0%
機械 ワイエイシイホールディングス
0%
機械 住友重機械工業
0%
機械 日工
0%
機械 巴工業
0%
機械 ローツェ
0%
機械 荏原実業
0%
機械 月島ホールディングス
0%
機械 帝国電機製作所
0%
機械 新東工業
0%
機械 澁谷工業
0%
機械 アイチコーポレーション
0%
機械 小森コーポレーション
0%
機械 鶴見製作所
0%
機械 酒井重工業
0%
機械 酉島製作所
0%
機械 北越工業
0%
機械 オルガノ
0%
機械 椿本チエイン
0%
機械 加藤製作所
0%
機械 タダノ
0%
機械 理想科学工業
0%
機械 日本金銭機械
0%
機械 マースグループホールディングス
0%
機械 ダイコク電機
0%
機械 竹内製作所
0%
機械 新晃工業
0%
機械 大和冷機工業
0%
機械 ツバキ・ナカシマ
0%
機械 日本精工
0%
機械 日本トムソン
0%
機械 イーグル工業
0%
機械 キッツ
0%
金属製品 宮地エンジニアリンググループ
0%
金属製品 トーカロ
0%
金属製品 川田テクノロジーズ
0%
金属製品 ジェイテックコーポレーション
0%
金属製品 東洋製罐グループホールディングス
0%
金属製品 横河ブリッジホールディングス
0%
金属製品 駒井ハルテック
0%
金属製品 三和ホールディングス
0%
金属製品 三協立山
0%
金属製品 アルインコ
0%
金属製品 ノーリツ
0%
金属製品 長府製作所
0%
金属製品 日東精工
0%
金属製品 岡部
0%
金属製品 ジーテクト
0%
金属製品 高周波熱錬
0%
金属製品 東京製綱
0%
金属製品 パイオラックス
0%
金属製品 エイチワン
0%
金属製品 立川ブラインド工業
0%
銀行業 いよぎんホールディングス
0%
銀行業 しずおかフィナンシャルグループ
0%
銀行業 ちゅうぎんフィナンシャルグループ
0%
銀行業 楽天銀行
0%
銀行業 京都フィナンシャルグループ
0%
銀行業 めぶきフィナンシャルグループ
0%
銀行業 東京きらぼしフィナンシャルグループ
0%
銀行業 九州フィナンシャルグループ
0%
銀行業 コンコルディア・フィナンシャルグループ
0%
銀行業 西日本フィナンシャルホールディングス
0%
銀行業 三十三フィナンシャルグループ
0%
銀行業 第四北越フィナンシャルグループ
0%
銀行業 ひろぎんホールディングス
0%
銀行業 おきなわフィナンシャルグループ
0%
銀行業 十六フィナンシャルグループ
0%
銀行業 北國フィナンシャルホールディングス
0%
銀行業 プロクレアホールディングス
0%
銀行業 あいちフィナンシャルグループ
0%
銀行業 あおぞら銀行
0%
銀行業 群馬銀行
0%
銀行業 武蔵野銀行
0%
銀行業 千葉興業銀行
0%
銀行業 筑波銀行
0%
銀行業 七十七銀行
0%
銀行業 秋田銀行
0%
銀行業 山形銀行
0%
銀行業 岩手銀行
0%
銀行業 東邦銀行
0%
銀行業 山梨中央銀行
0%
銀行業 大垣共立銀行
0%
銀行業 清水銀行
0%
銀行業 滋賀銀行
0%
銀行業 南都銀行
0%
銀行業 百五銀行
0%
銀行業 紀陽銀行
0%
銀行業 大分銀行
0%
銀行業 宮崎銀行
0%
銀行業 佐賀銀行
0%
銀行業 セブン銀行
0%
銀行業 山口フィナンシャルグループ
0%
銀行業 名古屋銀行
0%
銀行業 栃木銀行
0%
銀行業 北日本銀行
0%
銀行業 東和銀行
0%
銀行業 トモニホールディングス
0%
銀行業 フィデアホールディングス
0%
銀行業 池田泉州ホールディングス
0%
建設業 ショーボンドホールディングス
0%
建設業 ミライト・ワン
0%
建設業 日本アクア
0%
建設業 ベステラ
0%
建設業 ビーアールホールディングス
0%
建設業 高松コンストラクショングループ
0%
建設業 ヤマウラ
0%
建設業 オリエンタル白石
0%
建設業 不動テトラ
0%
建設業 大末建設
0%
建設業 東鉄工業
0%
建設業 淺沼組
0%
建設業 矢作建設工業
0%
建設業 ピーエス・コンストラクション
0%
建設業 新日本建設
0%
建設業 東亜道路工業
0%
建設業 日本道路
0%
建設業 東亜建設工業
0%
建設業 日本国土開発
0%
建設業 若築建設
0%
建設業 東洋建設
0%
建設業 福田組
0%
建設業 ライト工業
0%
建設業 日特建設
0%
建設業 北陸電気工事
0%
建設業 ユアテック
0%
建設業 日本リーテック
0%
建設業 四電工
0%
建設業 きんでん
0%
建設業 東京エネシス
0%
建設業 トーエネック
0%
建設業 日本電設工業
0%
建設業 エクシオグループ
0%
建設業 三機工業
0%
建設業 中外炉工業
0%
建設業 太平電業
0%
建設業 朝日工業社
0%
建設業 明星工業
0%
建設業 大氣社
0%
建設業 日比谷総合設備
0%
建設業 テスホールディングス
0%
建設業 インフロニア・ホールディングス
0%
建設業 東洋エンジニアリング
0%
建設業 レイズネクスト
0%
建設業 飛島ホールディングス
0%
鉱業 三井松島ホールディングス
0%
小売業 サンエー
0%
小売業 カワチ薬品
0%
小売業 エービーシー・マート
0%
小売業 アダストリア
0%
小売業 パルグループホールディングス
0%
小売業 サーラコーポレーション
0%
小売業 ハローズ
0%
小売業 フジオフードグループ本社
0%
小売業 あみやき亭
0%
小売業 ハニーズホールディングス
0%
小売業 アルペン
0%
小売業 クオールホールディングス
0%
小売業 ジンズホールディングス
0%
小売業 ドトール・日レスホールディングス
0%
小売業 ブロンコビリー
0%
小売業 トレジャー・ファクトリー
0%
小売業 物語コーポレーション
0%
小売業 マーケットエンタープライズ
0%
小売業 シュッピン
0%
小売業 オイシックス・ラ・大地
0%
小売業 ネクステージ
0%
小売業 エターナルホスピタリティグループ
0%
小売業 ホットランド
0%
小売業 綿半ホールディングス
0%
小売業 ヨシックスホールディングス
0%
小売業 ゴルフダイジェスト・オンライン
0%
小売業 日本調剤
0%
小売業 クリエイト・レストランツ・ホールディングス
0%
小売業 サンマルクホールディングス
0%
小売業 アレンザホールディングス
0%
小売業 バロックジャパンリミテッド
0%
小売業 クスリのアオキホールディングス
0%
小売業 力の源ホールディングス
0%
小売業 カッパ・クリエイト
0%
小売業 エコス
0%
小売業 パン・パシフィック・インターナショナルホールディングス
0%
小売業 西松屋チェーン
0%
小売業 幸楽苑ホールディングス
0%
小売業 魚力
0%
小売業 フジ・コーポレーション
0%
小売業 ユナイテッドアローズ
0%
小売業 壱番屋
0%
小売業 薬王堂ホールディングス
0%
小売業 ダブルエー
0%
小売業 スクロール
0%
小売業 ヨンドシーホールディングス
0%
小売業 木曽路
0%
小売業 リテールパートナーズ
0%
小売業 上新電機
0%
小売業 日本瓦斯
0%
小売業 チヨダ
0%
小売業 ゼビオホールディングス
0%
小売業 ブックオフグループホールディングス
0%
小売業 ギフトホールディングス
0%
小売業 アインホールディングス
0%
小売業 アークランズ
0%
小売業 松屋フーズホールディングス
0%
小売業 サガミホールディングス
0%
小売業 王将フードサービス
0%
小売業 サンドラッグ
0%
小売業 サックスバー ホールディングス
0%
小売業 インターメスティック
0%
証券、商品先物取引業 ジャパンインベストメントアドバイザー
0%
証券、商品先物取引業 マーキュリアホールディングス
0%
証券、商品先物取引業 ジャフコ グループ
0%
証券、商品先物取引業 大和証券グループ本社
0%
証券、商品先物取引業 岡三証券グループ
0%
証券、商品先物取引業 丸三証券
0%
証券、商品先物取引業 東洋証券
0%
証券、商品先物取引業 東海東京フィナンシャル・ホールディングス
0%
証券、商品先物取引業 水戸証券
0%
証券、商品先物取引業 いちよし証券
0%
証券、商品先物取引業 マネックスグループ
0%
証券、商品先物取引業 極東証券
0%
証券、商品先物取引業 岩井コスモホールディングス
0%
証券、商品先物取引業 アイザワ証券グループ
0%
証券、商品先物取引業 スパークス・グループ
0%
情報・通信業 クロスキャット
0%
情報・通信業 デジタルアーツ
0%
情報・通信業 日鉄ソリューションズ
0%
情報・通信業 キューブシステム
0%
情報・通信業 コア
0%
情報・通信業 ラクーンホールディングス
0%
情報・通信業 ソリトンシステムズ
0%
情報・通信業 ソフトクリエイトホールディングス
0%
情報・通信業 グリー
0%
情報・通信業 ファインデックス
0%
情報・通信業 ブレインパッド
0%
情報・通信業 ポールトゥウィンホールディングス
0%
情報・通信業 ネクソン
0%
情報・通信業 アイスタイル
0%
情報・通信業 エムアップホールディングス
0%
情報・通信業 エイチーム
0%
情報・通信業 セルシス
0%
情報・通信業 エニグモ
0%
情報・通信業 ブロードリーフ
0%
情報・通信業 クロス・マーケティンググループ
0%
情報・通信業 デジタルハーツホールディングス
0%
情報・通信業 メディアドゥ
0%
情報・通信業 じげん
0%
情報・通信業 ブイキューブ
0%
情報・通信業 フィックスターズ
0%
情報・通信業 オプティム
0%
情報・通信業 セレス
0%
情報・通信業 ティーガイア
0%
情報・通信業 セック
0%
情報・通信業 テクマトリックス
0%
情報・通信業 プロシップ
0%
情報・通信業 ガンホー・オンライン・エンターテイメント
0%
情報・通信業 システムリサーチ
0%
情報・通信業 インターネットイニシアティブ
0%
情報・通信業 朝日ネット
0%
情報・通信業 アバントグループ
0%
情報・通信業 アドソル日進
0%
情報・通信業 フリービット
0%
情報・通信業 コムチュア
0%
情報・通信業 アステリア
0%
情報・通信業 アイル
0%
情報・通信業 マークラインズ
0%
情報・通信業 メディカル・データ・ビジョン
0%
情報・通信業 テラスカイ
0%
情報・通信業 デジタル・インフォメーション・テクノロジー
0%
情報・通信業 ネオジャパン
0%
情報・通信業 ラクス
0%
情報・通信業 ランドコンピュータ
0%
情報・通信業 ダブルスタンダード
0%
情報・通信業 オープンドア
0%
情報・通信業 アカツキ
0%
情報・通信業 カナミックネットワーク
0%
情報・通信業 チェンジホールディングス
0%
情報・通信業 シンクロ・フード
0%
情報・通信業 オークネット
0%
情報・通信業 セグエグループ
0%
情報・通信業 マクロミル
0%
情報・通信業 オロ
0%
情報・通信業 ユーザーローカル
0%
情報・通信業 ニーズウェル
0%
情報・通信業 マネーフォワード
0%
情報・通信業 プラスアルファ・コンサルティング
0%
情報・通信業 電算システムホールディングス
0%
情報・通信業 ビジョナル
0%
情報・通信業 プロトコーポレーション
0%
情報・通信業 日本システム技術
0%
情報・通信業 インテージホールディングス
0%
情報・通信業 東邦システムサイエンス
0%
情報・通信業 ソースネクスト
0%
情報・通信業 シンプレクス・ホールディングス
0%
情報・通信業 ラクスル
0%
情報・通信業 システムサポート
0%
情報・通信業 ヒト・コミュニケーションズ・ホールディングス
0%
情報・通信業 ギフティ
0%
情報・通信業 メドレー
0%
情報・通信業 ベース
0%
情報・通信業 フォーカスシステムズ
0%
情報・通信業 クレスコ
0%
情報・通信業 フジ・メディア・ホールディングス
0%
情報・通信業 トレンドマイクロ
0%
情報・通信業 アルファシステムズ
0%
情報・通信業 フューチャー
0%
情報・通信業 オービックビジネスコンサルタント
0%
情報・通信業 アイティフォー
0%
情報・通信業 サイボウズ
0%
情報・通信業 電通国際情報サービス
0%
情報・通信業 デジタルガレージ
0%
情報・通信業 イーエムシステムズ
0%
情報・通信業 ウェザーニューズ
0%
情報・通信業 ビジネスエンジニアリング
0%
情報・通信業 スカラ
0%
情報・通信業 インテリジェント ウェイブ
0%
情報・通信業 アルゴグラフィックス
0%
情報・通信業 マーベラス
0%
情報・通信業 エイベックス
0%
情報・通信業 都築電気
0%
情報・通信業 日本テレビホールディングス
0%
情報・通信業 朝日放送グループホールディングス
0%
情報・通信業 テレビ朝日ホールディングス
0%
情報・通信業 テレビ東京ホールディングス
0%
情報・通信業 ビジョン
0%
情報・通信業 光通信
0%
情報・通信業 エムティーアイ
0%
情報・通信業 ファイバーゲート
0%
情報・通信業 学研ホールディングス
0%
情報・通信業 アイネット
0%
情報・通信業 ピー・シー・エー
0%
情報・通信業 ビジネスブレイン太田昭和
0%
情報・通信業 スクウェア・エニックス・ホールディングス
0%
情報・通信業 シーイーシー
0%
情報・通信業 アイ・エス・ビー
0%
情報・通信業 アイネス
0%
情報・通信業 コナミグループ
0%
情報・通信業 ミロク情報サービス
0%
食料品 日清製粉グループ本社
0%
食料品 中部飼料
0%
食料品 フィード・ワン
0%
食料品 日本甜菜製糖
0%
食料品 ウェルネオシュガー
0%
食料品 名糖産業
0%
食料品 モロゾフ
0%
食料品 六甲バター
0%
食料品 ヤクルト本社
0%
食料品 エスフーズ
0%
食料品 柿安本店
0%
食料品 伊藤ハム米久ホールディングス
0%
食料品 アサヒグループホールディングス
0%
食料品 オエノンホールディングス
0%
食料品 養命酒製造
0%
食料品 コカ・コーラボトラーズジャパンホールディングス
0%
食料品 ライフドリンク カンパニー
0%
食料品 サントリー食品インターナショナル
0%
食料品 ダイドーグループホールディングス
0%
食料品 ブルドックソース
0%
食料品 アリアケジャパン
0%
食料品 イートアンドホールディングス
0%
食料品 ヨシムラ・フード・ホールディングス
0%
食料品 フジッコ
0%
食料品 ロック・フィールド
0%
食料品 ケンコーマヨネーズ
0%
食料品 わらべや日洋ホールディングス
0%
食料品 ファーマフーズ
0%
食料品 ユーグレナ
0%
食料品 紀文食品
0%
食料品 ピックルスホールディングス
0%
水産・農林業 極洋
0%
水産・農林業 雪国まいたけ
0%
精密機器 日機装
0%
精密機器 日本エム・ディ・エム
0%
精密機器 長野計器
0%
精密機器 ブイ・テクノロジー
0%
精密機器 東京計器
0%
精密機器 愛知時計電機
0%
精密機器 インターアクション
0%
精密機器 東京精密
0%
精密機器 マニー
0%
精密機器 トプコン
0%
精密機器 理研計器
0%
精密機器 シード
0%
精密機器 ノーリツ鋼機
0%
精密機器 朝日インテック
0%
精密機器 リズム
0%
精密機器 メニコン
0%
精密機器 松風
0%
精密機器 ニプロ
0%
精密機器 リガク・ホールディングス
0%
石油・石炭製品 日本コークス工業
0%
繊維製品 富士紡ホールディングス
0%
繊維製品 倉敷紡績
0%
繊維製品 シキボウ
0%
繊維製品 帝国繊維
0%
繊維製品 住江織物
0%
繊維製品 小松マテーレ
0%
繊維製品 ワコールホールディングス
0%
繊維製品 ホギメディカル
0%
繊維製品 ワールド
0%
繊維製品 ゴールドウイン
0%
繊維製品 デサント
0%
倉庫・運輸関連業 トランコム
0%
倉庫・運輸関連業 三井倉庫ホールディングス
0%
倉庫・運輸関連業 日本トランスシティ
0%
倉庫・運輸関連業 中央倉庫
0%
倉庫・運輸関連業 上組
0%
倉庫・運輸関連業 エーアイテイー
0%
倉庫・運輸関連業 内外トランスライン
0%
倉庫・運輸関連業 日本コンセプト
0%
鉄鋼 合同製鐵
0%
鉄鋼 東京鐵鋼
0%
鉄鋼 淀川製鋼所
0%
鉄鋼 中部鋼鈑
0%
鉄鋼 丸一鋼管
0%
鉄鋼 日本冶金工業
0%
鉄鋼 新日本電工
0%
鉄鋼 栗本鐵工所
0%
鉄鋼 日本精線
0%
鉄鋼 エンビプロ・ホールディングス
0%
電気・ガス業 イーレックス
0%
電気・ガス業 レノバ
0%
電気・ガス業 北海道瓦斯
0%
電気・ガス業 広島ガス
0%
電気・ガス業 メタウォーター
0%
電気機器 シンフォニアテクノロジー
0%
電気機器 ソシオネクスト
0%
電気機器 芝浦メカトロニクス
0%
電気機器 ユー・エム・シー・エレクトロニクス
0%
電気機器 トレックス・セミコンダクター
0%
電気機器 ダブル・スコープ
0%
電気機器 ヤーマン
0%
電気機器 ミマキエンジニアリング
0%
電気機器 大崎電気工業
0%
電気機器 正興電機製作所
0%
電気機器 ジーエス・ユアサ コーポレーション
0%
電気機器 ダイヤモンドエレクトリックホールディングス
0%
電気機器 沖電気工業
0%
電気機器 電気興業
0%
電気機器 アイホン
0%
電気機器 ワコム
0%
電気機器 アルバック
0%
電気機器 日本信号
0%
電気機器 能美防災
0%
電気機器 アンリツ
0%
電気機器 帝国通信工業
0%
電気機器 日本電波工業
0%
電気機器 メイコー
0%
電気機器 日本トリム
0%
電気機器 フォスター電機
0%
電気機器 ヨコオ
0%
電気機器 ホシデン
0%
電気機器 ヒロセ電機
0%
電気機器 古野電気
0%
電気機器 スミダコーポレーション
0%
電気機器 リオン
0%
電気機器 新電元工業
0%
電気機器 アズビル
0%
電気機器 日本光電工業
0%
電気機器 チノー
0%
電気機器 エスペック
0%
電気機器 日置電機
0%
電気機器 日本マイクロニクス
0%
電気機器 メガチップス
0%
電気機器 コーセル
0%
電気機器 イリソ電子工業
0%
電気機器 オプテックスグループ
0%
電気機器 スタンレー電気
0%
電気機器 ウシオ電機
0%
電気機器 エノモト
0%
電気機器 日本セラミック
0%
電気機器 山一電機
0%
電気機器 日本電子
0%
電気機器 日本シイエムケイ
0%
電気機器 エンプラス
0%
電気機器 大真空
0%
電気機器 新光電気工業
0%
電気機器 太陽誘電
0%
電気機器 双葉電子工業
0%
電気機器 ニチコン
0%
電気機器 日本ケミコン
0%
電気機器 市光工業
0%
電気機器 ミツバ
0%
電気機器 キヤノン電子
0%
電気機器 象印マホービン
0%
電気機器 イノテック
0%
非鉄金属 大紀アルミニウム工業所
0%
非鉄金属 古河機械金属
0%
非鉄金属 大阪チタニウムテクノロジーズ
0%
非鉄金属 東邦チタニウム
0%
非鉄金属 古河電気工業
0%
非鉄金属 平河ヒューテック
0%
非鉄金属 アーレスティ
0%
不動産業 いちご
0%
不動産業 スター・マイカ・ホールディングス
0%
不動産業 ヒューリック
0%
不動産業 野村不動産ホールディングス
0%
不動産業 三重交通グループホールディングス
0%
不動産業 ディア・ライフ
0%
不動産業 地主
0%
不動産業 フージャースホールディングス
0%
不動産業 オープンハウスグループ
0%
不動産業 飯田グループホールディングス
0%
不動産業 シーアールイー
0%
不動産業 ケイアイスター不動産
0%
不動産業 ジェイ・エス・ビー
0%
不動産業 ロードスターキャピタル
0%
不動産業 テンポイノベーション
0%
不動産業 グローバル・リンク・マネジメント
0%
不動産業 霞ヶ関キャピタル
0%
不動産業 パラカ
0%
不動産業 ミガロホールディングス
0%
不動産業 宮越ホールディングス
0%
不動産業 京阪神ビルディング
0%
不動産業 スターツコーポレーション
0%
不動産業 空港施設
0%
不動産業 エスリード
0%
不動産業 日神グループホールディングス
0%
不動産業 カチタス
0%
不動産業 トーセイ
0%
不動産業 サンフロンティア不動産
0%
不動産業 グランディハウス
0%
不動産業 日本空港ビルデング
0%
不動産業 サムティホールディングス
0%
保険業 アニコム ホールディングス
0%
保険業 アドバンスクリエイト
0%
輸送用機器 ユニプレス
0%
輸送用機器 モリタホールディングス
0%
輸送用機器 三櫻工業
0%
輸送用機器 東海理化電機製作所
0%
輸送用機器 武蔵精密工業
0%
輸送用機器 新明和工業
0%
輸送用機器 極東開発工業
0%
輸送用機器 ティラド
0%
輸送用機器 曙ブレーキ工業
0%
輸送用機器 タチエス
0%
輸送用機器 フタバ産業
0%
輸送用機器 カヤバ
0%
輸送用機器 プレス工業
0%
輸送用機器 太平洋工業
0%
輸送用機器 エクセディ
0%
輸送用機器 愛三工業
0%
輸送用機器 ヨロズ
0%
輸送用機器 エフ・シー・シー
0%
輸送用機器 テイ・エス テック
0%
輸送用機器 ジャムコ
0%
陸運業 富士急行
0%
陸運業 鴻池運輸
0%
陸運業 ハマキョウレックス
0%
陸運業 サカイ引越センター
0%
陸運業 アルプス物流
0%
陸運業 山九
0%
陸運業 丸全昭和運輸
0%
陸運業 トナミホールディングス
0%
陸運業 ニッコンホールディングス
0%
陸運業 セイノーホールディングス
0%
情報・通信業 ウイングアーク1st
0%
不動産業 レオパレス21
0%
サービス業 ベルシステム24ホールディングス
0%
不動産業 パーク24
0%
情報・通信業 ACCESS
0%
精密機器 A&Dホロンホールディングス
0%
不動産業 ADワークスグループ
0%
不動産業 And Doホールディングス
0%
情報・通信業 ANYCOLOR
0%
情報・通信業 Appier Group
0%
陸運業 AZ-COM丸和ホールディングス
0%
小売業 BEENOS
0%
情報・通信業 BIPROGY
0%
情報・通信業 CAC Holdings
0%
情報・通信業 CARTA HOLDINGS
0%
情報・通信業 CIJ
0%
非鉄金属 CKサンエツ
0%
機械 CKD
0%
小売業 DDホールディングス
0%
食料品 DM三井製糖ホールディングス
0%
非鉄金属 DOWAホールディングス
0%
情報・通信業 eBASE
0%
電気機器 EIZO
0%
サービス業 E・Jホールディングス
0%
機械 三井E&S
0%
サービス業 Fast Fitness Japan
0%
情報・通信業 FIG
0%
不動産業 FJネクストホールディングス
0%
小売業 FOOD & LIFE COMPANIES
0%
保険業 FPパートナー
0%
証券、商品先物取引業 FPG
0%
機械 FUJI
0%
小売業 G-7ホールディングス
0%
小売業 Genky DrugStores
0%
サービス業 GENOVA
0%
情報・通信業 GMOペイメントゲートウェイ
0%
情報・通信業 GMOグローバルサイン・ホールディングス
0%
情報・通信業 GMOインターネットグループ
0%
卸売業 GSIクレオス
0%
情報・通信業 gumi
0%
サービス業 Gunosy
0%
サービス業 バリューHR
0%
サービス業 H.U.グループホールディングス
0%
サービス業 IBJ
0%
情報・通信業 IDホールディングス
0%
サービス業 ID&Eホールディングス
0%
卸売業 IDOM
0%
情報・通信業 IMAGICA GROUP
0%
化学 I-ne
0%
電気機器 I-PEX
0%
情報・通信業 IPS
0%
食料品 J-オイルミルズ
0%
医薬品 JCRファーマ
0%
化学 JCU
0%
小売業 JMホールディングス
0%
情報・通信業 JMDC
0%
サービス業 JPホールディングス
0%
不動産業 JPMC
0%
情報・通信業 スカパーJSATホールディングス
0%
化学 JSP
0%
サービス業 KeePer技研
0%
化学 KHネオケム
0%
情報・通信業 KLab
0%
鉱業 K&Oエナジーグループ
0%
電気機器 KOA
0%
電気機器 KOKUSAI ELECTRIC
0%
卸売業 KPPグループホールディングス
0%
サービス業 LIFULL
0%
情報・通信業 Link-U
0%
サービス業 LITALICO
0%
サービス業 日本M&Aセンターホールディングス
0%
サービス業 M&Aキャピタルパートナーズ
0%
サービス業 M&A総合研究所ホールディングス
0%
サービス業 Macbee Planet
0%
ガラス・土石製品 MARUWA
0%
不動産業 MIRARTHホールディングス
0%
サービス業 MIXI
0%
小売業 MonotaRO
0%
小売業 MrMaxHD
0%
サービス業 MS-Japan
0%
その他金融業 NECキャピタルソリューション
0%
情報・通信業 NECネッツエスアイ
0%
陸運業 NIPPON EXPRESSホールディングス
0%
その他製品 NISSHA
0%
サービス業 NISSOホールディングス
0%
サービス業 NJS
0%
輸送用機器 NOK
0%
機械 リケンNPR
0%
海運業 NSユナイテッド海運
0%
情報・通信業 NSW
0%
情報・通信業 NTTデータグループ
0%
サービス業 Orchestra Holdings
0%
機械 PEGASUS
0%
電気機器 PHCホールディングス
0%
機械 PILLAR
0%
情報・通信業 PKSHA Technology
0%
情報・通信業 PR TIMES
0%
金属製品 RS Technologies
0%
機械 SANKYO
0%
情報・通信業 Sansan
0%
サービス業 SBIグローバルアセットマネジメント
0%
陸運業 SBSホールディングス
0%
電気機器 SCREENホールディングス
0%
小売業 クリエイトSDホールディングス
0%
小売業 SFPホールディングス
0%
情報・通信業 SHIFT
0%
電気機器 SMK
0%
卸売業 SPK
0%
情報・通信業 SRAホールディングス
0%
不動産業 SREホールディングス
0%
小売業 SRSホールディングス
0%
情報・通信業 Sun Asterisk
0%
非鉄金属 SWCC
0%
その他製品 TAKARA & COMPANY
0%
保険業 T&Dホールディングス
0%
情報・通信業 TDCソフト
0%
機械 THK
0%
情報・通信業 TKC
0%
電気機器 TOA
0%
卸売業 TOKAIホールディングス
0%
小売業 TOKYO BASE
0%
機械 TOWA
0%
機械 TPR
0%
サービス業 TREホールディングス
0%
繊維製品 TSIホールディングス
0%
非鉄金属 UACJ
0%
情報・通信業 Ubicomホールディングス
0%
情報・通信業 U-NEXT HOLDINGS
0%
サービス業 UTグループ
0%
小売業 VTホールディングス
0%
サービス業 WDBホールディングス
0%
卸売業 西本Wismettacホールディングス
0%
情報・通信業 WOWOW
0%
化学 ZACROS
0%
No matching quizzes found
Score Distribution
Percent of People with Each Score
Percentile by Number Answered
Your Score History
You have not taken this quiz